000 00586nam a2200145Ia 4500
008 100415s9999 xx 000 0 und d
082 _b18327
_a598.1(54)
100 _aSMITH M.A.
245 _aFauna of British India: Reptilia and Amphibia, Vol. I - III: 018327\~part no. 1:\~part no. 1
260 _aNEW DELHI
_c1974
_bTODAY & TOMORROW
365 _b0
630 _aFauna of British India: Reptilia and Amphibia, Vol. I - III: 018327\~part no. 1:\~part no. 1
730 _aFauna of British India: Reptilia and Amphibia, Vol. I - III: 018327\~part no. 1:\~part no. 1
942 _cBOOK
999 _c601224
_d601221